[Event "39th WCh U20 Girls"]
[Site "Mexico City MEX"]
[Date "2023.09.24"]
[Round "5.7"]
[White "Mikheeva, Galina"]
[Black "Hernandez Gil, Ineymig"]
[Result "1/2-1/2"]
[WhiteElo "1969"]
[BlackElo "2170"]
[EventDate "2023.09.21"]
[PlyCount "134"]

1.e4 c6 2.d4 d5 3.e5 c5 4.dxc5 e6 5.Nf3 Bxc5 6.Bd3 Nc6 7.O-O Nge7 8.Nbd2 
Ng6 9.Nb3 Be7 10.Re1 Qc7 11.Bxg6 hxg6 12.c3 Rh5 13.g4 Rh8 14.Bf4 Bd7 15.
Rc1 b5 16.Nbd4 Rb8 17.Qd3 Qb6 18.b3 Nxd4 19.cxd4 b4 20.Rc2 Bb5 21.Qe3 Kd7 
22.Rec1 Rhc8 23.Ng5 Bxg5 24.Bxg5 Rxc2 25.Rxc2 Rc8 26.Rxc8 Kxc8 27.Be7 a5 
28.Bc5 Qc7 29.Kg2 Kb7 30.Qf3 Qd7 31.Bf8 Ka6 32.Bc5 Kb7 33.Bf8 Ba6 34.Bxg7 
Kc8 35.Bh6 g5 36.Kg3 Qb5 37.Qxf7 Qd3+ 38.Qf3 Qxd4 39.Qf8+ Kb7 40.Qf7+ Ka8 
41.Qe8+ Kb7 42.Bxg5 Qxe5+ 43.Bf4 Qc3+ 44.Kg2 Bd3 45.Qb8+ Ka6 46.Qa8+ Kb5 
47.Qb7+ Kc5 48.Be3+ d4 49.Bg5 Kd6 50.Qe7+ Kd5 51.Qd7+ Kc5 52.Qc7+ Kd5 53.
Qd7+ Kc5 54.Qxe6 Kb5 55.Qd5+ Qc5 56.Qb7+ Qb6 57.Qd5+ Qc5 58.Qb7+ Qb6 59.
Qe7 Qc6+ 60.Kg3 Bb1 61.Qe5+ Qc5 62.Qb8+ Qb6 63.Qe8+ Qc6 64.Qe5+ Qc5 65.
Qb8+ Qb6 66.Qc8 Qc6 67.Qb8+ Qb6 1/2-1/2

[Event "39th WCh U20 Girls"]
[Site "Mexico City MEX"]
[Date "2023.09.24"]
[Round "5.8"]
[White "Djidjeli, Sarah"]
[Black "Rodriguez Redondo, Adhara"]
[Result "0-1"]
[WhiteElo "2058"]
[BlackElo "2135"]
[EventDate "2023.09.21"]
[PlyCount "94"]

1.e4 e5 2.Nf3 Nc6 3.Bb5 Nf6 4.O-O Nxe4 5.Re1 Nd6 6.a4 Be7 7.Nc3 O-O 8.d4 
e4 9.Nxe4 Nxe4 10.Rxe4 d5 11.Re1 Bf6 12.Bxc6 bxc6 13.Qd3 c5 14.dxc5 a5 15.
Ne5 Be6 16.Bf4 Re8 17.h3 Qc8 18.Rad1 Rb8 19.b3 Rb4 20.Qg3 c6 21.Nf3 Bf5 
22.Bd2 Rbe4 23.Rxe4 Bxe4 24.Ne1 Qa6 25.Nd3 h5 26.Re1 Ra8 27.Bf4 Qa7 28.Bd6
Qd7 29.Be5 Qf5 30.Bxf6 Qxf6 31.Re3 Qa1+ 32.Kh2 Qd1 33.Nf4 Bxc2 34.Nxh5 
Qxh5 35.Re5 Qg6 36.Rg5 Qf6 37.Qh4 Bg6 38.f4 Re8 39.Qg4 Qd4 40.h4 Bd3 41.h5
Re6 42.Qg3 Kh7 43.Qh4 Be4 44.Qg3 Rh6 45.f5 Qf6 46.Qf4 Bc2 47.Qg3 d4 0-1

[Event "39th WCh U20 Girls"]
[Site "Mexico City MEX"]
[Date "2023.09.24"]
[Round "5.9"]
[White "Goraj, Barbara"]
[Black "Hernandez Ortega, Carolina"]
[Result "1-0"]
[WhiteElo "2135"]
[BlackElo "1729"]
[EventDate "2023.09.21"]
[PlyCount "37"]

1.Nf3 Nf6 2.c4 e6 3.g3 b6 4.Bg2 Bb7 5.O-O Be7 6.b3 O-O 7.Bb2 d5 8.e3 Nbd7 
9.Nc3 c5 10.Qe2 Rc8 11.Rfd1 Ne4 12.cxd5 Nxc3 13.dxc3 exd5 14.c4 dxc4 15.
Ne5 Bxg2 16.Kxg2 Rc7 17.Nxd7 Qa8+ 18.Kg1 Rd8 19.Qg4 1-0

[Event "39th WCh U20 Girls"]
[Site "Mexico City MEX"]
[Date "2023.09.24"]
[Round "5.10"]
[White "Zhang Xiao"]
[Black "Velarde Hernandez, Paulina Yunuen"]
[Result "1-0"]
[WhiteElo "2128"]
[BlackElo "1557"]
[EventDate "2023.09.21"]
[PlyCount "61"]

1.d4 d5 2.c4 Nf6 3.Nf3 e6 4.Nc3 Be7 5.g3 Nbd7 6.Bg2 O-O 7.b3 dxc4 8.bxc4 
c5 9.e3 cxd4 10.exd4 Bb4 11.Qb3 Bxc3+ 12.Qxc3 e5 13.Nxe5 Nxe5 14.dxe5 Nd7 
15.O-O Qc7 16.Ba3 Re8 17.Bd6 Qd8 18.Rfd1 Qg5 19.f4 Qg6 20.Rab1 Nb6 21.c5 
Bf5 22.Rbc1 Na4 23.Qb4 Nxc5 24.Bxc5 b6 25.Bxa8 bxc5 26.Qd2 Bg4 27.Qd8 f6 
28.Bd5+ Kh8 29.Bc6 Bxd1 30.Bxe8 Bb3 31.Bf7# 1-0

[Event "39th WCh U20 Girls"]
[Site "Mexico City MEX"]
[Date "2023.09.24"]
[Round "5.11"]
[White "Kanyamarala, Trisha"]
[Black "Mogollon Tobar, Nicolle Julieth"]
[Result "1-0"]
[WhiteElo "2184"]
[BlackElo "1943"]
[EventDate "2023.09.21"]
[PlyCount "125"]

1.d4 Nf6 2.c4 b6 3.Nf3 Bb7 4.g3 c5 5.d5 b5 6.Bg2 bxc4 7.Nc3 g6 8.O-O Bg7 
9.e4 d6 10.e5 dxe5 11.Nxe5 O-O 12.Re1 Ne8 13.Nc6 Bxc6 14.dxc6 Qxd1 15.Nxd1
Na6 16.c7 Nexc7 17.Bxa8 Rxa8 18.Rxe7 Nd5 19.Re4 Bd4 20.a3 Nac7 21.Bd2 Nb5 
22.Rc1 Nd6 23.Re2 f5 24.Nc3 Nf6 25.Kg2 a6 26.a4 Ra7 27.Bg5 Nfe4 28.Nxe4 
Nxe4 29.Be3 Rb7 30.Rxc4 Bxe3 31.fxe3 Kf7 32.Rc1 Rb4 33.Ra1 a5 34.Kf1 Kf6 
35.Kg2 Ke5 36.Ra3 c4 37.Ra1 Nc5 38.Kf3 h5 39.h4 Ne4 40.Rc2 Nc5 41.Rac1 Kd5
42.Rd1+ Nd3 43.Rdd2 Ke5 44.Re2 Nc5 45.Red2 Nxa4 46.Ke2 Nb6 47.Rd8 Nd5 48.
Rd2 Nf6 49.Rc8 Ne4 50.Re8+ Kf6 51.Rc2 Nxg3+ 52.Kf3 Ne4 53.Rc8 Nd6 54.Rc6 
Ke7 55.Rg2 Nf7 56.Rc7+ Kf6 57.Rc6+ Ke7 58.Rc7+ Ke8 59.Rc5 a4 60.Ra5 Ke7 
61.Rxg6 Rb7 62.Kf4 a3 63.Rxa3 1-0

[Event "39th WCh U20 Girls"]
[Site "Mexico City MEX"]
[Date "2023.09.24"]
[Round "5.12"]
[White "Demchenko, Svitlana"]
[Black "Yedigarian, Asya"]
[Result "1-0"]
[WhiteElo "2169"]
[BlackElo "1786"]
[EventDate "2023.09.21"]
[PlyCount "99"]

1.e4 c6 2.d4 d5 3.exd5 cxd5 4.c4 Nf6 5.Nc3 e6 6.Nf3 Be7 7.cxd5 Nxd5 8.Bd3 
O-O 9.O-O b6 10.Re1 Bb7 11.a3 Nf6 12.Bg5 h6 13.Bh4 Nbd7 14.Bc2 Re8 15.Qd3 
Nf8 16.Ne5 N6d7 17.Bg3 Nxe5 18.Bxe5 Bf6 19.Ba4 Bxe5 20.Bxe8 Ng6 21.Qe3 
Bxh2+ 22.Kxh2 Qxe8 23.Rad1 Qb8+ 24.Qg3 Nf4 25.f3 h5 26.Ne2 Nxe2 27.Qxb8+ 
Rxb8 28.Rxe2 Rc8 29.Rdd2 Rc4 30.Rc2 Bd5 31.Rxc4 Bxc4 32.Rc2 b5 33.b3 Bxb3 
34.Rc8+ Kh7 35.Ra8 Kg6 36.Rxa7 Kf6 37.Rc7 g6 38.Rc5 Ba4 39.Kg3 g5 40.f4 
gxf4+ 41.Kh4 Ke7 42.Kxh5 Bd1+ 43.Kg5 Be2 44.Kxf4 Kd6 45.Kg5 f5 46.g3 Bd3 
47.Kf6 Bf1 48.Rc8 Kd7 49.Rb8 Bc4 50.Rb6 1-0

[Event "39th WCh U20 Girls"]
[Site "Mexico City MEX"]
[Date "2023.09.24"]
[Round "5.13"]
[White "Bommini, Mounika Akshaya"]
[Black "Destic, Elena"]
[Result "1-0"]
[WhiteElo "2096"]
[BlackElo "1904"]
[EventDate "2023.09.21"]
[PlyCount "111"]

1.d4 Nf6 2.c4 e6 3.Nc3 Bb4 4.f3 d5 5.a3 Be7 6.e4 dxe4 7.fxe4 e5 8.d5 Bc5 
9.Nf3 Bg4 10.Be2 Bxf3 11.Bxf3 O-O 12.Rb1 a5 13.Bg5 Na6 14.Qe2 Qe7 15.Nd1 
h6 16.Bh4 Rab8 17.g4 g5 18.Bg3 Kg7 19.Qd2 Bd4 20.h4 Nd7 21.Qxa5 Nb6 22.b3 
Ra8 23.Qd2 f6 24.Ne3 Bxe3 25.Qxe3 Rh8 26.Ra1 c5 27.dxc6 Nb4 28.O-O Nc2 29.
Qxb6 Nxa1 30.cxb7 Rab8 31.Rxa1 Rxb7 32.Qe3 Rd8 33.Be1 Rbd7 34.Ba5 Rc8 35.
Kf2 Qe6 36.Rd1 Ra8 37.Rd5 gxh4 38.Bd2 Rh8 39.Qd3 Rxd5 40.Qxd5 Qb6+ 41.c5 
Qc7 42.Qd6 Qf7 43.Bd1 Re8 44.b4 h3 45.Kg3 Ra8 46.Qd3 Qa2 47.a4 Qa1 48.Kxh3
Kg6 49.Bc3 Rd8 50.Qxd8 Qxc3+ 51.Kg2 Kg5 52.b5 Qe3 53.Bf3 Qxc5 54.Qd2+ Kg6 
55.Be2 Qa3 56.a5 1-0

[Event "39th WCh U20 Girls"]
[Site "Mexico City MEX"]
[Date "2023.09.24"]
[Round "5.14"]
[White "Ter-Avetisjana, Agnesa Stepania"]
[Black "Montano Vicente, Guadalupe"]
[Result "1/2-1/2"]
[WhiteElo "2080"]
[BlackElo "1727"]
[EventDate "2023.09.21"]
[PlyCount "169"]

1.e4 c5 2.Nf3 d6 3.Bb5+ Nd7 4.c3 Nf6 5.d3 a6 6.Ba4 b5 7.Bc2 Bb7 8.O-O g6 
9.Re1 Bg7 10.h3 O-O 11.Nbd2 Qc7 12.Nf1 Rac8 13.Be3 e5 14.Qd2 Rfe8 15.Bh6 
Bh8 16.c4 Nf8 17.Bxf8 Rxf8 18.Bb3 bxc4 19.Bxc4 d5 20.exd5 Nxd5 21.Qg5 Bf6 
22.Qg3 Nf4 23.Ne3 Bg7 24.Ng5 Rcd8 25.Rad1 Rd4 26.Nf3 Nh5 27.Qh2 Bxf3 28.
gxf3 Rfd8 29.Ng4 Nf4 30.Re4 h5 31.Ne3 Qb6 32.Rd2 Qf6 33.Nf1 Qg5+ 34.Qg3 
Nxh3+ 35.Kh2 Qxg3+ 36.fxg3 Ng5 37.Re3 R8d6 38.Rf2 Ne6 39.Nd2 Bh6 40.Re4 
Bxd2 41.Rxd2 Ng5 42.Rxd4 Nxf3+ 43.Kg2 Nxd4 44.Rf2 Ne6 45.Rc2 Kg7 46.Bxe6 
fxe6 47.Rc3 Kf6 48.Kf3 Rb6 49.b3 Rb5 50.Ke4 Rb4+ 51.Ke3 Rg4 52.Kf3 Rd4 53.
Ke3 Rd5 54.Rc4 Ke7 55.Ra4 Rd6 56.Re4 Kf6 57.Rc4 Rd5 58.Ra4 Rd6 59.Rc4 Kf5 
60.Rxc5 Kg4 61.Rxe5 g5 62.b4 Rb6 63.a3 Rb5 64.Rxe6 a5 65.Kf2 axb4 66.axb4 
Kh3 67.Rh6 g4 68.Rf6 Rd5 69.Rf7 Kh2 70.d4 h4 71.gxh4 g3+ 72.Ke3 g2 73.Rg7 
Rb5 74.Ke4 g1=Q 75.Rxg1 Kxg1 76.d5 Rxb4+ 77.Ke5 Rxh4 78.d6 Rh5+ 79.Ke6 
Rh6+ 80.Ke7 Rh7+ 81.Ke8 Rh8+ 82.Ke7 Rh7+ 83.Ke8 Kf2 84.d7 Rxd7 85.Kxd7 
1/2-1/2

[Event "39th WCh U20 Girls"]
[Site "Mexico City MEX"]
[Date "2023.09.24"]
[Round "5.15"]
[White "Brito Carrascal, Isabela"]
[Black "Walter, Ema"]
[Result "0-1"]
[WhiteElo "1708"]
[BlackElo "2063"]
[EventDate "2023.09.21"]
[PlyCount "70"]

1.e4 e5 2.Nf3 Nc6 3.Bb5 Nge7 4.Nc3 Ng6 5.d4 exd4 6.Nxd4 Nxd4 7.Qxd4 c6 8.
Be2 Qb6 9.Qxb6 axb6 10.Be3 Bc5 11.Bxc5 bxc5 12.g3 Kd8 13.O-O Kc7 14.a4 d6 
15.f4 f5 16.Bf3 b6 17.Rfe1 Re8 18.Kg2 Bd7 19.Rad1 fxe4 20.Bxe4 d5 21.Bxg6 
hxg6 22.b3 Bf5 23.Rxe8 Rxe8 24.Rd2 d4 25.Nd1 Re1 26.Kf2 Rh1 27.Nb2 Bxc2 
28.Kg2 Be4+ 29.Kh3 Rb1 30.b4 cxb4 31.Rxd4 Bf5+ 32.g4 Rxb2 33.gxf5 gxf5 34.
Kg3 c5 35.Rc4 Rb3+ 0-1

[Event "39th WCh U20 Girls"]
[Site "Mexico City MEX"]
[Date "2023.09.24"]
[Round "5.16"]
[White "Viana, Valeria"]
[Black "Tomasi, Elise"]
[Result "0-1"]
[WhiteElo "1620"]
[BlackElo "2021"]
[EventDate "2023.09.21"]
[PlyCount "46"]

1.e4 e5 2.Nf3 Nc6 3.Bb5 a6 4.Ba4 Nf6 5.O-O b5 6.Bb3 Be7 7.Re1 O-O 8.c3 d6 
9.d4 h6 10.a4 Bb7 11.Nbd2 Re8 12.Bc2 Bf8 13.d5 Ne7 14.c4 b4 15.Nf1 c6 16.
Ng3 cxd5 17.cxd5 g6 18.Nh4 Bg7 19.f4 exf4 20.Ne2 Qb6+ 21.Kh1 Ng4 22.a5 
Nf2+ 23.Kg1 Nh3+ 0-1

[Event "39th WCh U20 Girls"]
[Site "Mexico City MEX"]
[Date "2023.09.24"]
[Round "5.17"]
[White "Guzman Garcia, Mia Fernanda"]
[Black "Sultanbek, Zeinep"]
[Result "0-1"]
[WhiteElo "1753"]
[BlackElo "2022"]
[EventDate "2023.09.21"]
[PlyCount "94"]

1.e4 c5 2.Nf3 d6 3.d4 cxd4 4.Nxd4 Nf6 5.Nc3 a6 6.Be3 e5 7.Nb3 Be6 8.Be2 
Be7 9.O-O O-O 10.Qd2 Nbd7 11.a4 Nb6 12.a5 Nc4 13.Bxc4 Bxc4 14.Rfe1 Rc8 15.
f3 Qe8 16.Nc1 d5 17.Nxd5 Bxd5 18.exd5 Qb5 19.d6 Rfd8 20.Nd3 Bxd6 21.Bg5 
Be7 22.Qe2 e4 23.Bxf6 Bxf6 24.fxe4 Bxb2 25.Rab1 Bd4+ 26.Kh1 Qxa5 27.Rxb7 
Rc7 28.Rxc7 Qxc7 29.Nb4 a5 30.Nd5 Qa7 31.c3 Bc5 32.g3 h6 33.Qa2 a4 34.Kg2 
a3 35.Ra1 Qa4 36.c4 Rb8 37.Nc3 Qc6 38.Rb1 Rxb1 39.Qxb1 Qf6 40.Qc2 Qd4 41.
Nb5 Qg1+ 42.Kf3 Qe3+ 43.Kg2 Qg1+ 44.Kh3 Qf1+ 45.Kg4 h5+ 46.Kxh5 Qh3+ 47.
Kg5 Be3# 0-1

[Event "39th WCh U20 Girls"]
[Site "Mexico City MEX"]
[Date "2023.09.24"]
[Round "5.18"]
[White "Diaz Charpentier, Kristel Meliss"]
[Black "Saravanan, Durga"]
[Result "1-0"]
[WhiteElo "1951"]
[BlackElo "1757"]
[EventDate "2023.09.21"]
[PlyCount "101"]

1.d4 Nf6 2.c4 e6 3.Nc3 Bb4 4.Qc2 O-O 5.a3 Bxc3+ 6.Qxc3 Ne4 7.Qc2 d5 8.e3 
b6 9.Nf3 Bb7 10.Bd3 Nd7 11.cxd5 exd5 12.O-O c5 13.h3 Rc8 14.dxc5 bxc5 15.
Rd1 Ndf6 16.Bf1 Qb6 17.Rb1 Ba6 18.Bxa6 Qxa6 19.Ne5 c4 20.f3 Nc5 21.Bd2 Nd3
22.Bc3 Nxe5 23.Bxe5 Qe6 24.Qc3 Rfd8 25.Rd2 Ne8 26.Rbd1 f6 27.Bg3 Rd7 28.e4
Rc5 29.b4 Rb5 30.a4 d4 31.Rxd4 Rbb7 32.Rxd7 Rxd7 33.Rxd7 Qxd7 34.Qxc4+ Kh8
35.b5 g6 36.Qc6 Qd8 37.a5 Ng7 38.b6 axb6 39.axb6 Kg8 40.b7 Qd1+ 41.Kh2 Kf7
42.Qd5+ Qxd5 43.exd5 Nf5 44.b8=Q Kg7 45.d6 Nxd6 46.Bxd6 Kh6 47.Qf8+ Kg5 
48.g4 h5 49.h4+ Kxh4 50.Qxf6+ g5 51.Bg3# 1-0

[Event "39th WCh U20 Girls"]
[Site "Mexico City MEX"]
[Date "2023.09.24"]
[Round "5.19"]
[White "Skaslien, Ingrid"]
[Black "Benito De Leo, Estefania"]
[Result "1-0"]
[WhiteElo "1919"]
[BlackElo "1712"]
[EventDate "2023.09.21"]
[PlyCount "131"]

1.d4 Nf6 2.c4 e6 3.Nc3 Bb4 4.e3 b6 5.Bd2 Bxc3 6.Bxc3 Bb7 7.Nf3 O-O 8.Bd3 
Ne4 9.Rc1 f5 10.O-O d6 11.b4 Nd7 12.Bb2 Ndf6 13.Qe2 Ng4 14.d5 exd5 15.cxd5
Bxd5 16.Bc4 Bxc4 17.Qxc4+ Rf7 18.Qd5 Rc8 19.h3 Nh6 20.Rfd1 Nf6 21.Qb3 Nd7 
22.h4 Kh8 23.Qe6 Nf6 24.Rxd6 Qe8 25.Qxe8+ Rxe8 26.Rdc6 Nd5 27.b5 Kg8 28.
Be5 Rc8 29.a3 Ng4 30.Bg3 Rf6 31.R6c2 Rf7 32.Nd4 f4 33.exf4 Nxf4 34.Bxf4 
Rxf4 35.Ne6 Ra4 36.Rxc7 Rxc7 37.Rxc7 g6 38.Rg7+ Kh8 39.Rf7 h6 40.Rf4 Rxf4 
41.Nxf4 Ne5 42.a4 Kg7 43.Kf1 Nc4 44.Nd5 Nb2 45.Nxb6 Kf7 46.a5 Ke6 47.Nc8 
Nc4 48.a6 Kd7 49.Nxa7 Kc7 50.Nc6 Kd6 51.Ke2 Kc5 52.Ne7 Kxb5 53.a7 Nb6 54.
Nxg6 Ka6 55.a8=Q+ Nxa8 56.Kf3 Kb6 57.Kg4 Kc6 58.Kh5 Kd6 59.Kxh6 Ke6 60.Kg7
Nc7 61.Nf8+ Kf5 62.h5 Ne8+ 63.Kf7 Nd6+ 64.Ke7 Ne4 65.h6 Nf6 66.h7 1-0

[Event "39th WCh U20 Girls"]
[Site "Mexico City MEX"]
[Date "2023.09.24"]
[Round "5.20"]
[White "Castellanos Hernandez, Lhia Itzayana"]
[Black "Middleton, Jody"]
[Result "1-0"]
[WhiteElo "1890"]
[BlackElo "1699"]
[EventDate "2023.09.21"]
[PlyCount "99"]

1.e4 e6 2.d4 d5 3.exd5 exd5 4.Nc3 Bb4 5.Bd3 Nc6 6.a3 Bxc3+ 7.bxc3 Nge7 8.
Qh5 Be6 9.Ne2 Qd7 10.O-O O-O-O 11.a4 f6 12.f4 Bg4 13.Qh4 Ng6 14.Qf2 Bxe2 
15.Qxe2 Rde8 16.Qh5 Nge7 17.Ba3 f5 18.Rfe1 g6 19.Qe2 Kb8 20.Qf1 Nc8 21.
Reb1 b6 22.Rb5 Qe6 23.Qf3 Ka8 24.Rxd5 Qe3+ 25.Qxe3 Rxe3 26.Rd7 Kb7 27.Kf2 
Ree8 28.Be2 Kb8 29.Bb5 Kb7 30.Re1 Rxe1 31.Kxe1 Nb8 32.Rg7 a6 33.Bc4 Na7 
34.Bd6 Kc6 35.Bxc7 Nd7 36.Be5 Nxe5 37.fxe5 b5 38.Rxa7 bxc4 39.Rxa6+ Kc7 
40.Kd2 f4 41.Rf6 g5 42.Ke2 h5 43.Kf3 Kd7 44.d5 Rh7 45.Ra6 Kc8 46.Rc6+ Kd8 
47.a5 Rf7 48.h3 Rb7 49.Rb6 Rc7 50.a6 1-0

[Event "39th WCh U20 Girls"]
[Site "Mexico City MEX"]
[Date "2023.09.24"]
[Round "5.21"]
[White "Lopez Rayo, Isabella"]
[Black "Cabrera Cruz, Brenda Elisa"]
[Result "1-0"]
[WhiteElo "1876"]
[BlackElo "1682"]
[EventDate "2023.09.21"]
[PlyCount "85"]

1.e4 c5 2.Nf3 Nc6 3.d4 cxd4 4.Nxd4 g6 5.c4 Bg7 6.Be3 Nf6 7.Nc3 d6 8.Be2 
Bd7 9.O-O O-O 10.f3 Nxd4 11.Bxd4 a5 12.Qd2 Bc6 13.Rab1 Nd7 14.Be3 Nc5 15.
b3 Be5 16.Rfd1 e6 17.g3 Qc7 18.Bh6 Rfd8 19.Kg2 b6 20.h4 f5 21.exf5 gxf5 
22.Kh3 Kh8 23.Rg1 Rg8 24.Rbd1 Rad8 25.Bf4 Rd7 26.g4 Rdg7 27.Bh6 Rf7 28.f4 
Bf6 29.g5 Bxc3 30.Qxc3+ e5 31.Bh5 Ne4 32.Qb2 Rg6 33.Bxg6 hxg6 34.h5 Kh7 
35.hxg6+ Kxg6 36.Kh4 Qe7 37.Qe2 Kh7 38.Qh5 Kg8 39.Qg6+ Kh8 40.Rge1 exf4 
41.Rxd6 Qxd6 42.Qxf7 Qd4 43.Kh5 1-0

[Event "39th WCh U20 Girls"]
[Site "Mexico City MEX"]
[Date "2023.09.24"]
[Round "5.22"]
[White "Castillo Beitia, Ashley Alexandra"]
[Black "Garcia Hernandez, Rebeca"]
[Result "1/2-1/2"]
[WhiteElo "1870"]
[BlackElo "1671"]
[EventDate "2023.09.21"]
[PlyCount "65"]

1.d4 Nf6 2.c4 g6 3.Nc3 d5 4.Nf3 Bg7 5.h4 c5 6.dxc5 Qa5 7.cxd5 Nxd5 8.Qxd5 
Bxc3+ 9.Bd2 Bxd2+ 10.Qxd2 Qxd2+ 11.Nxd2 Be6 12.e4 O-O 13.Bb5 Rc8 14.Rc1 a6
15.Bc4 Rxc5 16.b4 Rc7 17.O-O Bxc4 18.Nxc4 Nd7 19.Ne3 Rac8 20.Rcd1 e6 21.f3
Nb6 22.Rd4 Nc4 23.Ng4 Kg7 24.Re1 h5 25.Nf2 Na3 26.Rd3 Rc1 27.Red1 Rxd1+ 
28.Nxd1 Rc1 29.Kh2 Nc2 30.Rc3 Rxd1 31.Rxc2 Rb1 32.a3 Rb3 33.Ra2 1/2-1/2

[Event "39th WCh U20 Girls"]
[Site "Mexico City MEX"]
[Date "2023.09.24"]
[Round "5.23"]
[White "Amulya, Guruprasad"]
[Black "Ivan, Reka Gyongyver"]
[Result "0-1"]
[WhiteElo "1633"]
[BlackElo "1857"]
[EventDate "2023.09.21"]
[PlyCount "70"]

1.e4 c6 2.Nf3 d5 3.exd5 cxd5 4.Ne5 Nc6 5.Bb5 Qc7 6.d4 a6 7.Bxc6+ bxc6 8.
Bf4 Qb6 9.b3 Nf6 10.O-O Bf5 11.Nc3 e6 12.Na4 Qb7 13.c4 dxc4 14.Nxc4 Rd8 
15.Rc1 c5 16.Na5 Qb5 17.Nxc5 Qxa5 18.Nb7 Qd5 19.Nxd8 Qxd8 20.Rc6 Be7 21.
Rxa6 O-O 22.a3 Nd5 23.Be3 Qc8 24.Ra5 Qc3 25.Bd2 Qxd4 26.b4 Rd8 27.Bc1 Qh4 
28.Qb3 Bd6 29.g3 Qe4 30.f3 Qd4+ 31.Kh1 Bh3 32.Bb2 Qd2 33.Rg1 Ne3 34.Qc3 
Bg2+ 35.Rxg2 Qxg2# 0-1

[Event "39th WCh U20 Girls"]
[Site "Mexico City MEX"]
[Date "2023.09.24"]
[Round "5.24"]
[White "Mendoza Recio, Josselyne"]
[Black "Milner, Romi"]
[Result "0-1"]
[WhiteElo "1573"]
[BlackElo "1856"]
[EventDate "2023.09.21"]
[PlyCount "156"]

1.e4 e5 2.Nf3 Nc6 3.d4 exd4 4.Nxd4 Qf6 5.Nb5 Bc5 6.f3 Bb6 7.N1c3 Nge7 8.
Qe2 O-O 9.Bd2 a6 10.Na3 Nd4 11.Qd1 Re8 12.Be3 Nxf3+ 13.gxf3 Bxe3 14.Qe2 
Bd4 15.O-O-O Bxc3 16.bxc3 Qf4+ 17.Qd2 Qxd2+ 18.Rxd2 f5 19.Bc4+ Kh8 20.Rf1 
d6 21.Bb3 Ng6 22.Rdf2 Ne5 23.Nc4 Nc6 24.a3 Bd7 25.exf5 Bxf5 26.Rg1 Re7 27.
h4 Rae8 28.h5 Re2 29.Rxe2 Rxe2 30.Kd1 Rf2 31.Re1 Bd7 32.Re3 Rh2 33.Nb2 
Rxh5 34.Nd3 Rf5 35.f4 h5 36.Kd2 h4 37.Rh3 Rh5 38.Rh2 h3 39.Nf2 Ne7 40.Ne4 
Rh4 41.Ng5 Rxf4 42.Nxh3 Rh4 43.Re2 Nf5 44.Ng5 Rh5 45.Rg2 Nh4 46.Nf7+ Kh7 
47.Rg3 Nf5 48.Rg1 Rh2+ 49.Kc1 Be8 50.Ng5+ Kh6 51.Be6 Ne3 52.Bb3 Bg6 53.Nf3
Rf2 54.Rh1+ Bh5 55.Nd2 g5 56.Ne4 Rf1+ 57.Rxf1 Nxf1 58.Bc4 Ne3 59.Bd3 Bf3 
60.Ng3 g4 61.Kd2 Nd5 62.c4 Nf4 63.Bf5 Kg5 64.Be4 Bxe4 65.Nxe4+ Kh4 66.Ke3 
Ng2+ 67.Kf2 Kh3 68.Ng5+ Kh2 69.Ne4 Nf4 70.a4 Nh5 71.Ng5 g3+ 72.Ke2 g2 73.
Nf3+ Kh1 74.Kf2 Nf4 75.Ng1 Ne6 76.Ne2 Nd4 77.Ng1 Nxc2 78.Nf3 Na3 0-1

[Event "39th WCh U20 Girls"]
[Site "Mexico City MEX"]
[Date "2023.09.24"]
[Round "5.25"]
[White "Mukul Aldana, Daniela Maria"]
[Black "Salinas Garcia, Sophie"]
[Result "1-0"]
[WhiteElo "1798"]
[BlackElo "1222"]
[EventDate "2023.09.21"]
[PlyCount "59"]

1.e4 c5 2.Nf3 Nc6 3.d4 cxd4 4.Nxd4 g6 5.Nc3 Bg7 6.Be3 Nf6 7.Be2 O-O 8.Nf3 
d6 9.O-O Bg4 10.h3 Bxf3 11.Bxf3 Ne5 12.Be2 b6 13.f4 Ned7 14.Bd3 Nc5 15.Qf3
Nxd3 16.cxd3 e6 17.Rad1 Rc8 18.Rd2 Nh5 19.d4 f5 20.exf5 Rxf5 21.g4 Ra5 22.
gxh5 Rxh5 23.Kh2 Qh4 24.Rg2 Rf8 25.Rg4 Qf6 26.Qe4 d5 27.Qg2 Qf5 28.Rf2 Qd3
29.Rg3 Bxd4 30.Rd2 1-0

[Event "39th WCh U20 Girls"]
[Site "Mexico City MEX"]
[Date "2023.09.24"]
[Round "5.26"]
[White "Garcia Ortega, Natalia Belen"]
[Black "Hernandez Diaz, Paula Sofia"]
[Result "0-1"]
[WhiteElo "1488"]
[BlackElo "1796"]
[EventDate "2023.09.21"]
[PlyCount "96"]

1.d4 Nf6 2.Bf4 d5 3.e3 e6 4.Nf3 c5 5.c3 Bd6 6.Bg3 O-O 7.Bd3 Qc7 8.Nbd2 
Nbd7 9.Bxd6 Qxd6 10.O-O e5 11.dxe5 Nxe5 12.Nxe5 Qxe5 13.Nf3 Qe7 14.Qa4 c4 
15.Bc2 a6 16.Qb4 Qc7 17.h3 a5 18.Qa3 Ra6 19.Rad1 b5 20.Nd4 Qb6 21.b3 Ne4 
22.bxc4 bxc4 23.Nf3 Be6 24.Ne5 Qc7 25.Nf3 Qc8 26.Bxe4 dxe4 27.Ng5 Bf5 28.
Rd4 Rg6 29.Nxe4 Bxe4 30.Rxe4 Qxh3 31.g3 Rh6 32.Rh4 Rxh4 33.gxh4 Qg4+ 34.
Kh2 Qxh4+ 35.Kg2 Qg5+ 36.Kh1 h5 37.Qd6 Rd8 38.Qc7 Qh4+ 39.Kg2 Rd5 40.Qb8+ 
Kh7 41.Qb1+ g6 42.Rg1 Rd2 43.Qe1 Rxa2 44.Rh1 Qg4+ 45.Kf1 Qe4 46.Kg1 Rb2 
47.Kh2 Rb5 48.f4 Rb2+ 0-1

[Event "39th WCh U20 Girls"]
[Site "Mexico City MEX"]
[Date "2023.09.26"]
[Round "6.1"]
[White "Rakshitta, Ravi"]
[Black "Yip, Carissa"]
[Result "0-1"]
[WhiteElo "2272"]
[BlackElo "2372"]
[EventDate "2023.09.21"]
[PlyCount "66"]

1.d4 Nf6 2.c4 g6 3.Nc3 Bg7 4.e4 d6 5.Nge2 a6 6.Ng3 Nbd7 7.Be2 h5 8.h4 c5 
9.d5 Ne5 10.Bg5 Bd7 11.Qd2 Qa5 12.O-O Nh7 13.Bh6 Bf6 14.f4 Ng4 15.Bxg4 
Bd4+ 16.Kh2 hxg4 17.Nge2 g3+ 18.Kxg3 Nf6 19.Nxd4 cxd4 20.Qxd4 Rxh6 21.e5 
Nh5+ 22.Kf3 Kf8 23.g4 Ng7 24.Kg3 Bxg4 25.Kxg4 Rxh4+ 26.Kf3 Nf5 27.Qd2 Rh3+
28.Kg2 Rg3+ 29.Kh1 Kg7 30.Rf2 Rh8+ 31.Rh2 Rxh2+ 32.Qxh2 Rg4 33.exd6 exd6 
0-1

[Event "39th WCh U20 Girls"]
[Site "Mexico City MEX"]
[Date "2023.09.26"]
[Round "6.2"]
[White "Francisco, Candela"]
[Black "Goraj, Barbara"]
[Result "1/2-1/2"]
[WhiteElo "2345"]
[BlackElo "2135"]
[EventDate "2023.09.21"]
[PlyCount "85"]

1.e4 c5 2.Nf3 d6 3.d4 cxd4 4.Nxd4 Nf6 5.Nc3 Nc6 6.Bg5 e6 7.Qd3 Be7 8.O-O-O
O-O 9.h4 a6 10.f4 Nxd4 11.Qxd4 Qa5 12.e5 dxe5 13.Qxe5 b5 14.Bd3 Bb7 15.f5 
Qb6 16.fxe6 fxe6 17.Rhe1 Bc5 18.Qxe6+ Qxe6 19.Rxe6 Bxg2 20.a4 b4 21.Ne2 a5
22.Re5 Ba7 23.Kb1 Bb6 24.Nf4 Bf3 25.Rf1 Bc6 26.Ne6 Ng4 27.Rxf8+ Rxf8 28.
Bxh7+ Kh8 29.Re1 Rf2 30.Bd3 Bxa4 31.b3 Bd7 32.Nf4 Bc5 33.Ng6+ Kg8 34.Be7 
Bxe7 35.Nxe7+ Kf7 36.Bc4+ Kf6 37.Ng8+ Kg6 38.Rd1 Bf5 39.Ne7+ Kf6 40.Nxf5 
Rxf5 41.Rd6+ Ke5 42.Rg6 Ne3 43.Bd3 1/2-1/2

[Event "39th WCh U20 Girls"]
[Site "Mexico City MEX"]
[Date "2023.09.26"]
[Round "6.3"]
[White "Mkrtchian, Mariam"]
[Black "Lu Miaoyi"]
[Result "1-0"]
[WhiteElo "2343"]
[BlackElo "2214"]
[EventDate "2023.09.21"]
[PlyCount "69"]

1.d4 Nf6 2.c4 e6 3.Nf3 d5 4.g3 Be7 5.Bg2 O-O 6.O-O dxc4 7.Qa4 a6 8.Qxc4 b5
9.Qc2 Bb7 10.Bd2 Ra7 11.a4 b4 12.Bf4 Nbd7 13.Nbd2 Qa8 14.a5 Rc8 15.Nc4 Be4
16.Qd2 Nd5 17.Rfc1 h6 18.h4 Rb7 19.Nfe5 Bxg2 20.Nxd7 Bh3 21.e4 Nxf4 22.
Qxf4 f6 23.Kh2 e5 24.Ndxe5 fxe5 25.Qxe5 Rf8 26.Kxh3 Rxf2 27.Qe6+ Kh7 28.
Rf1 Rxf1 29.Rxf1 Qd8 30.d5 Bc5 31.Rf7 Bd4 32.d6 b3 33.Qf5+ Kg8 34.Rd7 Qe8 
35.dxc7 1-0

[Event "39th WCh U20 Girls"]
[Site "Mexico City MEX"]
[Date "2023.09.26"]
[Round "6.4"]
[White "Rodriguez Redondo, Adhara"]
[Black "Hryzlova, Sofiia"]
[Result "0-1"]
[WhiteElo "2135"]
[BlackElo "2228"]
[EventDate "2023.09.21"]
[PlyCount "66"]

1.e4 c5 2.Nf3 d6 3.d4 cxd4 4.Nxd4 Nf6 5.Nc3 a6 6.h3 e5 7.Nb3 h5 8.Bg5 Be7 
9.Be2 g6 10.Qd2 Be6 11.O-O Nbd7 12.f4 Rc8 13.Qe3 Bxb3 14.cxb3 d5 15.Qf3 
Rxc3 16.bxc3 dxe4 17.Qg3 h4 18.Qe1 Nd5 19.Bxe7 Qxe7 20.Bc4 Qc5+ 21.Kh1 Ne3
22.Rf2 b5 23.b4 Qb6 24.Bb3 Nf5 25.Rd1 e3 26.Rb2 exf4 27.Bxf7+ Kxf7 28.
Rxd7+ Kf6 29.c4 Re8 30.Rd5 Qe6 31.Qc3+ Kg5 32.Re2 Rc8 33.Kh2 Qxd5 0-1

[Event "39th WCh U20 Girls"]
[Site "Mexico City MEX"]
[Date "2023.09.26"]
[Round "6.5"]
[White "Krasteva, Beloslava"]
[Black "Zhang Xiao"]
[Result "1-0"]
[WhiteElo "2223"]
[BlackElo "2128"]
[EventDate "2023.09.21"]
[PlyCount "151"]

1.d4 Nf6 2.c4 e6 3.Nc3 Bb4 4.e3 O-O 5.Bd3 c5 6.Ne2 d5 7.cxd5 cxd4 8.exd4 
Nxd5 9.O-O Nc6 10.Nxd5 exd5 11.Nf4 Re8 12.Be3 Be6 13.Rc1 g6 14.Qb3 Bd6 15.
Nxe6 Rxe6 16.g3 Bf8 17.Rfd1 Na5 18.Qa4 a6 19.Bf4 b5 20.Qc2 Rc6 21.Qe2 Rac8
22.Rb1 Bg7 23.a4 Re6 24.Qf1 bxa4 25.Bxa6 Ra8 26.Be2 Nb3 27.Be3 Qb6 28.Bf3 
Rd8 29.Qd3 Bxd4 30.Bxd4 Nxd4 31.Rbc1 Qxb2 32.Rb1 Nxf3+ 33.Qxf3 Qe2 34.Qc3 
Qe5 35.Qa5 Rb8 36.Rxb8+ Qxb8 37.Qxa4 Qd8 38.Kg2 h5 39.h4 Rd6 40.Rd4 Qd7 
41.Qa8+ Kg7 42.Qa1 Kh7 43.Qc3 Rc6 44.Qa5 Rd6 45.Qd2 Qe6 46.Qd3 Qe5 47.Qd1 
Kg7 48.Qd3 Kf6 49.Rf4+ Kg7 50.Rd4 Qf5 51.Qd2 Kg8 52.Qc3 Re6 53.Qd2 Re5 54.
Qd1 Qe6 55.Qd3 Qc6 56.Kh2 Qc5 57.Kg2 Kf8 58.Qd2 Ke7 59.Qf4 Ke6 60.Ra4 Qc6 
61.Ra7 f6 62.Qb4 d4+ 63.Kh2 Qd5 64.Ra6+ Kf5 65.Rd6 Qe4 66.Rxd4 Qc6 67.Rd6 
Qe4 68.Rd4 Qc6 69.Rd6 Qe4 70.Qb6 Re6 71.Qb5+ Kg4 72.Qd7 Kf5 73.Rd5+ Kg4 
74.Rd4 f5 75.Rxe4+ Rxe4 76.Qd1+ 1-0